[Event "XVI C.to Italiano U20"]
[Site "Bratto - Castione della Presolana ITA"]
[Date "2008.08.30"]
[Round "9"]
[White "Bonafede, Alessandro"]
[Black "Lettieri, Giuseppe"]
[Result "1-0"]
[WhiteElo "2329"]
[BlackElo "2322"]
[PlyCount "105"]
[EventDate "2008.08.22"]

1. e4 c5 2. Nf3 e6 3. d4 cxd4 4. Nxd4 a6 5. Bd3 Bc5 6. Nb3 Be7 7. Qe2 d6 8. Be3
Nd7 9. N1d2 Qc7 10. O-O-O Ngf6 11. g4 Ne5 12. Rhg1 Nxd3+ 13. Qxd3 b5 14. Kb1
Bb7 15. g5 Nd7 16. f4 Rc8 17. h4 b4 18. h5 a5 19. g6 fxg6 20. hxg6 h6 21. Nd4
Nc5 22. Qb5+ Bc6 23. Qe2 a4 24. f5 a3 25. Nc4 axb2 26. f6 Bxf6 27. Nxd6+ Qxd6
28. Nf5 Qe5 29. Bd4 Nxe4 30. Bxe5 Bxe5 31. Qc4 Nc3+ 32. Kxb2 Nxd1+ 33. Kc1 Bd7
34. Qxb4 exf5 35. Re1 Be6 36. Rxe5 Kd7 37. Kxd1 Rc6 38. Qb7+ Rc7 39. Qb5+ Ke7
40. Qb6 Rd7+ 41. Kc1 Rd6 42. Rxe6+ Kxe6 43. Qb3+ Rd5 44. Qb6+ Ke7 45. Qc7+ Ke6
46. Qf7+ Kd6 47. Qxg7 Rd8 48. Qf6+ Kc7 49. Qg7+ Kd6 50. c4 Rd3 51. Kc2 Kc5 52.
Qc7+ Kb4 53. a3+ 1-0

[Event "XVI C.to Italiano U20"]
[Site "Bratto - Castione della Presolana ITA"]
[Date "2008.08.30"]
[Round "9"]
[White "Caldonazzo, Matteo"]
[Black "Franciosi, Fausto"]
[Result "0-1"]
[WhiteElo "1515"]
[BlackElo "1850"]
[PlyCount "98"]
[EventDate "2008.08.22"]

1. d4 Nf6 2. c4 g6 3. Nc3 Bg7 4. e4 d6 5. Nf3 O-O 6. Be2 e5 7. dxe5 dxe5 8.
Qxd8 Rxd8 9. Bg5 Nbd7 10. O-O c6 11. Rad1 Re8 12. h3 h6 13. Bxf6 Bxf6 14. b4 a5
15. b5 Nc5 16. bxc6 bxc6 17. Ne1 Ne6 18. Rd6 Be7 19. Rxc6 Nd4 20. Rxc8 Raxc8
21. Bd3 f5 22. Nc2 Nxc2 23. Bxc2 Kg7 24. Rc1 Rxc4 25. Bb3 Rc5 26. Ne2 Rxc1+ 27.
Nxc1 fxe4 28. Kf1 Rf8 29. Bd1 Bc5 30. f3 e3 31. Nd3 Bd4 32. Ke2 Rc8 33. Bb3 Kf6
34. Bd1 Kf5 35. Bb3 Rc7 36. Bd1 h5 37. Bb3 g5 38. g3 g4 39. fxg4+ hxg4 40. h4
Rc3 41. Bd1 Ra3 42. Nc1 Bb2 43. Nd3 Bd4 44. Nc1 e4 45. Bc2 a4 46. Kd1 Be5 47.
Ne2 Rxa2 48. Bb1 Rd2+ 49. Ke1 a3 0-1

[Event "XVI C.to Italiano U20"]
[Site "Bratto - Castione della Presolana ITA"]
[Date "2008.08.30"]
[Round "9"]
[White "Capito', Mario"]
[Black "Regorda, Massimiliano"]
[Result "1/2-1/2"]
[WhiteElo "1455"]
[BlackElo "1907"]
[PlyCount "63"]
[EventDate "2008.08.22"]

1. c4 e5 2. Nf3 Nc6 3. g3 d6 4. Bg2 g6 5. Nc3 f5 6. d3 Bg7 7. Rb1 Nf6 8. b4 O-O
9. O-O h6 10. e3 Be6 11. Nd2 Rb8 12. Nd5 Ne7 13. e4 c6 14. Nc3 Qd7 15. Bb2 f4
16. c5 dxc5 17. Nf3 Nh5 18. Ne2 fxg3 19. Nxg3 Nxg3 20. hxg3 Qd6 21. bxc5 Qxc5
22. Rc1 Qd6 23. Qa4 Rxf3 24. Bxf3 Qxd3 25. Qxa7 Qxf3 26. Qxb8+ Kh7 27. Rc3 Qxe4
28. Re3 Qd5 29. Bxe5 Bh3 30. f3 Qd2 31. Rf2 Qxe3 32. Bxg7 1/2-1/2

[Event "XVI C.to Italiano U20"]
[Site "Bratto - Castione della Presolana ITA"]
[Date "2008.08.30"]
[Round "9"]
[White "Coladangelo, Andrea"]
[Black "Marsili, Riccardo"]
[Result "1/2-1/2"]
[WhiteElo "1866"]
[BlackElo "1817"]
[PlyCount "97"]
[EventDate "2008.08.22"]

1. e4 d5 2. exd5 Qxd5 3. Nc3 Qa5 4. d4 c6 5. Nf3 Nf6 6. Bd2 Bf5 7. Bc4 e6 8.
O-O Bb4 9. a3 Bxc3 10. Bxc3 Qc7 11. Re1 O-O 12. Nh4 Bg6 13. Nxg6 hxg6 14. Re3
Rd8 15. Qe2 Nbd7 16. Rh3 Nd5 17. Bxd5 exd5 18. Qg4 Re8 19. Qh4 f6 20. Bb4 Kf7
21. Rg3 Re4 22. Qh7 g5 23. Qh5+ Kg8 24. Rh3 Rae8 25. Kf1 a5 26. Bc3 Nf8 27.
Qh8+ Kf7 28. Qh5+ Ng6 29. Re1 Rxe1+ 30. Bxe1 Qf4 31. Qd1 g4 32. Rg3 f5 33. Qd2
Qd6 34. Kg1 Qf4 35. Kf1 Re4 36. Qxf4 Nxf4 37. Re3 Rxd4 38. Bxa5 Rd1+ 39. Be1
Ne6 40. Ke2 Rd4 41. g3 Rc4 42. Rc3 Rxc3 43. Bxc3 Nc5 44. Ke3 Ne4 45. Kd4 Ke6
46. Be1 c5+ 47. Kd3 Ke5 48. c4 g5 49. b4 1/2-1/2

[Event "XVI C.to Italiano U20"]
[Site "Bratto - Castione della Presolana ITA"]
[Date "2008.08.30"]
[Round "9"]
[White "Cuppone, Damiano"]
[Black "Altini, Nicola"]
[Result "1/2-1/2"]
[WhiteElo "1921"]
[BlackElo "2007"]
[PlyCount "30"]
[EventDate "2008.08.22"]

1. d4 d5 2. c4 e6 3. Nc3 Nf6 4. cxd5 exd5 5. Bg5 c6 6. Qc2 Be7 7. e3 Nbd7 8.
Bd3 Nf8 9. Nge2 Ng6 10. O-O O-O 11. Ng3 Ng4 12. Bxe7 Qxe7 13. h3 Nxe3 14. fxe3
Qxe3+ 15. Kh2 Qxd4 1/2-1/2

[Event "XVI C.to Italiano U20"]
[Site "Bratto - Castione della Presolana ITA"]
[Date "2008.08.30"]
[Round "9"]
[White "Ferrante, Marco"]
[Black "Lapenna, Antonio"]
[Result "0-1"]
[WhiteElo "2142"]
[BlackElo "2118"]
[PlyCount "45"]
[EventDate "2008.08.22"]

1. e4 c5 2. Nf3 a6 3. d4 cxd4 4. Nxd4 Nf6 5. Nc3 e5 6. Nb3 Bb4 7. Bd3 d5 8.
exd5 Nxd5 9. Bd2 Nxc3 10. bxc3 Bd6 11. Qh5 g6 12. Qe2 O-O 13. h4 Re8 14. Be4
Nd7 15. Rd1 Bf8 16. h5 Bg7 17. hxg6 hxg6 18. Qc4 Kf8 19. Be3 Qe7 20. Rh7 Nf6
21. Bg5 Qe6 22. Qb4+ Kg8 23. Rh4 {...} 0-1

[Event "XVI C.to Italiano U20"]
[Site "Bratto - Castione della Presolana ITA"]
[Date "2008.08.30"]
[Round "9"]
[White "Gonella, Daniele"]
[Black "Picasso, Filippo"]
[Result "1-0"]
[WhiteElo "1739"]
[BlackElo "1659"]
[PlyCount "109"]
[EventDate "2008.08.22"]

1. e4 e5 2. Nf3 Nc6 3. Bb5 Nge7 4. O-O d6 5. Re1 f5 6. Nc3 fxe4 7. Nxe4 Bd7 8.
d4 exd4 9. Nxd4 Nxd4 10. Bxd7+ Qxd7 11. Qxd4 O-O-O 12. Qxa7 Nc6 13. Qa8+ Nb8
14. Be3 b6 15. a4 Qc6 16. Qxc6 Nxc6 17. Ng5 Rd7 18. Bd2 Be7 19. Ne6 Bf6 20. b4
Bxa1 21. Rxa1 Ne5 22. f4 Re7 23. Nxg7 Rxg7 24. fxe5 dxe5 25. Re1 Rhg8 26. g3
Re7 27. Bc3 e4 28. Bd4 Kb7 29. c3 h5 30. Re3 h4 31. Bf6 Rh7 32. Rxe4 hxg3 33.
hxg3 Rxg3+ 34. Kf2 Rg8 35. Ke3 Ra8 36. b5 Rh1 37. Rc4 Rc8 38. Kd3 c5 39. Kc2
Rh2+ 40. Kb3 Rh1 41. Rg4 Rh7 42. Rg6 Rd7 43. Kc4 Rd6 44. Rg7+ Rc7 45. Rxc7+
Kxc7 46. Be5 Kd7 47. Bxd6 Kxd6 48. Kb3 Kd5 49. Ka3 Kc4 50. Kb2 Kd5 51. Kb3 Ke6
52. Kc4 Ke5 53. a5 bxa5 54. Kxc5 a4 55. b6 1-0

[Event "XVI C.to Italiano U20"]
[Site "Bratto - Castione della Presolana ITA"]
[Date "2008.08.30"]
[Round "9"]
[White "Grandinetti, Pietro"]
[Black "Codenotti, Marco"]
[Result "1-0"]
[WhiteElo "2011"]
[BlackElo "2055"]
[PlyCount "53"]
[EventDate "2008.08.22"]

1. d4 Nf6 2. Bg5 d5 3. Nd2 g6 4. e3 Bg7 5. Ngf3 O-O 6. Bd3 c5 7. c3 b6 8. O-O
Bb7 9. Qe2 Ne4 10. Bf4 Nd7 11. Rad1 Qc8 12. Rc1 Re8 13. Rfd1 h6 14. c4 g5 15.
Bg3 Nxg3 16. hxg3 Qb8 17. cxd5 Bxd5 18. Be4 Bxe4 19. Nxe4 cxd4 20. exd4 Nf6 21.
Nxf6+ Bxf6 22. Ne5 Bxe5 23. dxe5 Rd8 24. e6 Qb7 25. Qc2 Kg7 26. exf7 Kxf7 27.
Qh7+ 1-0

[Event "XVI C.to Italiano U20"]
[Site "Bratto - Castione della Presolana ITA"]
[Date "2008.08.30"]
[Round "9"]
[White "Piccirillo, Edoardo"]
[Black "Delledonne, Francesco"]
[Result "1/2-1/2"]
[WhiteElo "2111"]
[BlackElo "1943"]
[PlyCount "66"]
[EventDate "2008.08.22"]

1. d4 d5 2. Nf3 Nf6 3. Bf4 Bf5 4. e3 e6 5. Bd3 Bxd3 6. cxd3 c5 7. dxc5 Bxc5 8.
O-O O-O 9. Nc3 Nc6 10. d4 Be7 11. h3 Rc8 12. Rc1 Qa5 13. a3 Nd7 14. Qb3 Qb6 15.
Qxb6 Nxb6 16. Nd2 Rfd8 17. Nb5 a6 18. Bc7 axb5 19. Bxb6 Rd7 20. b4 Ra8 21. Nb1
Ra6 22. Bc5 Bxc5 23. Rxc5 Na7 24. Rfc1 Kf8 25. Kf1 Ke7 26. Ke2 Kd6 27. Kd3 Rc6
28. Kc3 Rdc7 29. Kb3 b6 30. Rxc6+ Rxc6 31. Rxc6+ Kxc6 32. Nc3 Nc8 33. Ne2 Nd6
1/2-1/2

[Event "XVI C.to Italiano U20"]
[Site "Bratto - Castione della Presolana ITA"]
[Date "2008.08.30"]
[Round "9"]
[White "Piccoli, Vincenzo"]
[Black "Dvirnyy, Danyyil"]
[Result "0-1"]
[WhiteElo "1932"]
[BlackElo "2358"]
[PlyCount "150"]
[EventDate "2008.08.22"]

1. e4 c5 2. Nf3 d6 3. d4 cxd4 4. Nxd4 Nf6 5. Nc3 g6 6. Bc4 Bg7 7. h3 Nc6 8. Be3
O-O 9. O-O Bd7 10. Bb3 Nxd4 11. Bxd4 Bc6 12. Qd3 Qa5 13. Nd5 Bxd5 14. exd5 Nd7
15. Bxg7 Kxg7 16. Qd4+ Kg8 17. Rfe1 Rfe8 18. Re3 Qc5 19. Qd2 a5 20. a3 a4 21.
Ba2 Rac8 22. c3 Nf6 23. Rae1 Rc7 24. Qd1 Qb5 25. Qd2 Kg7 26. R1e2 Qd7 27. Qd4
b5 28. Qd1 Rc5 29. Qe1 Nxd5 30. Bxd5 Rxd5 31. Rxe7 Rxe7 32. Rxe7 Qf5 33. Qe2 h5
34. Re3 h4 35. Re4 Re5 36. Rxe5 Qxe5 37. Qc2 Qe1+ 38. Kh2 Qe5+ 39. Kg1 Qd5 40.
Qe2 Kf6 41. Qg4 Qg5 42. Qd4+ Ke7 43. Qe4+ Kf8 44. Qe2 Qc1+ 45. Kh2 Qf4+ 46. Kg1
Qe5 47. Qd2 g5 48. Kh1 Ke7 49. Kg1 f6 50. Qc2 Qd5 51. Qh7+ Ke6 52. Qg8+ Ke5 53.
Qe8+ Kf5 54. Qe2 Qe5 55. Qd3+ Ke6 56. Qd2 Qe4 57. Qd1 Kd7 58. Qd2 Kc6 59. Qd1
Kc5 60. Qd2 d5 61. Qd1 Kc4 62. Kh2 Qd3 63. Qg4+ Kb3 64. Qb4+ Ka2 65. Qd6 Qf5
66. Qc5 Qf4+ 67. Kg1 Qc1+ 68. Kh2 Qxb2 69. Qxd5+ Qb3 70. Qc5 Qc4 71. Qe3 Kxa3
72. Qe7+ Kb2 73. Qxf6 Qf4+ 74. Qxf4 gxf4 75. g4 fxg3+ 0-1

[Event "XVI C.to Italiano U20"]
[Site "Bratto - Castione della Presolana ITA"]
[Date "2008.08.30"]
[Round "9"]
[White "Pulcini, Giorgio"]
[Black "Serri, Cristiano"]
[Result "0-1"]
[WhiteElo "1676"]
[BlackElo "1542"]
[PlyCount "40"]
[EventDate "2008.08.22"]

1. e4 c5 2. Nf3 d6 3. Bc4 a6 4. a4 Bg4 5. Bxf7+ Kxf7 6. Ng5+ Ke8 7. Qxg4 Qd7 8.
Qf3 Nf6 9. Nc3 Nc6 10. Nd5 Nd4 11. Qd1 Nxd5 12. exd5 Qf5 13. d3 Qxd5 14. O-O h6
15. Qh5+ Kd7 16. c4 Qf5 17. g4 hxg5 18. Qxh8 Qxg4+ 19. Kh1 Qf3+ 20. Kg1 Ne2#
0-1

[Event "XVI C.to Italiano U20"]
[Site "Bratto - Castione della Presolana ITA"]
[Date "2008.08.30"]
[Round "9"]
[White "Rizza, Francesco"]
[Black "Laudisa, Antonio"]
[Result "0-1"]
[WhiteElo "1924"]
[BlackElo "1646"]
[PlyCount "52"]
[EventDate "2008.08.22"]

1. e4 c5 2. Qf3 d6 3. Bb5+ Bd7 4. Bxd7+ Qxd7 5. Ne2 Nc6 6. O-O Nf6 7. c3 g6 8.
d3 Bg7 9. h3 O-O 10. Na3 a6 11. Nc2 b5 12. g4 Ne5 13. Qg3 h6 14. f4 Nc6 15. Bd2
Kh7 16. Qh4 c4 17. Qg3 Rad8 18. Rfe1 e5 19. f5 d5 20. fxg6+ fxg6 21. exd5 Qxd5
22. d4 Ne4 23. Qe3 Rf2 24. Rf1 Rdf8 25. Rxf2 Nxf2 26. Kh2 Rf3 0-1

[Event "XVI C.to Italiano U20"]
[Site "Bratto - Castione della Presolana ITA"]
[Date "2008.08.30"]
[Round "9"]
[White "Sellitti, Federico"]
[Black "Gallana, Marco"]
[Result "1/2-1/2"]
[WhiteElo "2158"]
[BlackElo "1960"]
[PlyCount "109"]
[EventDate "2008.08.22"]

1. e4 c6 2. d4 d5 3. exd5 cxd5 4. Bd3 Nf6 5. c3 Nc6 6. Nf3 Bg4 7. O-O e6 8. Bf4
Bd6 9. Bxd6 Qxd6 10. Nbd2 O-O 11. Qe1 Rfe8 12. Ne5 Bf5 13. f4 Qc7 14. Qb1 Ne7
15. h3 b5 16. g4 Bxd3 17. Qxd3 b4 18. cxb4 Ne4 19. Nxe4 dxe4 20. Qxe4 Qb6 21.
a3 Red8 22. Rad1 Rac8 23. Rf2 Nd5 24. Nf3 Nf6 25. Qd3 Qc6 26. Ne5 Qd5 27. f5
Rc7 28. Qf3 Qd6 29. g5 Nd5 30. g6 hxg6 31. fxg6 f5 32. Nf7 Rxf7 33. gxf7+ Kxf7
34. Rc1 Rh8 35. Rc5 g6 36. Kg2 Rh4 37. Rxd5 Qxd5 38. Qxd5 exd5 39. Rd2 Re4 40.
b5 Re3 41. Rc2 Rb3 42. a4 Kf6 43. h4 f4 44. Rc5 Kf5 45. Rxd5+ Ke4 46. Re5+ Kxd4
47. Re7 Rg3+ 48. Kf2 Rh3 49. Rxa7 Rxh4 50. b6 Rh2+ 51. Kf3 Rxb2 52. b7 g5 53.
a5 Rb3+ 54. Kg4 f3 55. b8=Q 1/2-1/2

[Event "XVI C.to Italiano U20"]
[Site "Bratto - Castione della Presolana ITA"]
[Date "2008.08.30"]
[Round "9"]
[White "Sfera, Mattia"]
[Black "Locci, Damiano"]
[Result "1/2-1/2"]
[WhiteElo "1893"]
[BlackElo "2094"]
[PlyCount "111"]
[EventDate "2008.08.22"]

1. e4 Nc6 2. d4 d5 3. Nc3 e6 4. e5 b6 5. f4 Bb7 6. Nf3 Nge7 7. Be3 Nf5 8. Bf2
h5 9. a3 Be7 10. Bd3 Qd7 11. Qe2 a6 12. O-O Nb8 13. b4 Rh6 14. g3 Rg6 15. Nd2
Nc6 16. Nb3 Rh6 17. h3 Nb8 18. Kg2 Qd8 19. Nd1 g6 20. Ne3 Nxe3+ 21. Bxe3 Rh8
22. c3 c5 23. Bc2 c4 24. Nd2 Nc6 25. Rh1 Qc7 26. Rag1 O-O-O 27. Qf2 Rdf8 28.
Kf1 Rhg8 29. Ke2 f6 30. Qg2 fxe5 31. fxe5 g5 32. Rf1 Nxe5 33. Rxf8+ Rxf8 34.
Rf1 Nd7 35. Rxf8+ Nxf8 36. Nf3 Qd8 37. Ne5 Nd7 38. Nf7 Qg8 39. Qf2 Bf6 40. Nd6+
Kc7 41. Nxb7 Kxb7 42. Qf3 Qh8 43. Bg6 h4 44. gxh4 gxh4 45. Qg4 Qg8 46. Bf5
Qxg4+ 47. Bxg4 Kc6 48. Bxe6 Nf8 49. Bf7 Nh7 50. Bg6 Ng5 51. Bxg5 Bxg5 52. a4 a5
53. b5+ Kd6 54. Bf7 Bf4 55. Bg8 Bc1 56. Bh7 1/2-1/2

[Event "XVI C.to Italiano U20"]
[Site "Bratto - Castione della Presolana ITA"]
[Date "2008.08.30"]
[Round "9"]
[White "Stella, Andrea"]
[Black "Pomaro, Alberto"]
[Result "1/2-1/2"]
[WhiteElo "2209"]
[BlackElo "2246"]
[PlyCount "115"]
[EventDate "2008.08.22"]

1. d4 Nf6 2. c4 e6 3. Nf3 Bb4+ 4. Bd2 a5 5. a3 Bxd2+ 6. Qxd2 O-O 7. Nc3 d5 8.
Qc2 c5 9. dxc5 Qe7 10. cxd5 exd5 11. e3 Na6 12. Rc1 Bg4 13. Nd4 Nxc5 14. h3 Be6
15. Be2 Rac8 16. O-O Nce4 17. Qd3 Nxc3 18. Rxc3 Ne4 19. Rxc8 Rxc8 20. Bf3 Bd7
21. Bxe4 dxe4 22. Qd2 Rc5 23. Rd1 Ba4 24. Rc1 h6 25. Rc3 Rg5 26. Ne2 Bc6 27.
Nf4 Rb5 28. Rc4 Qe5 29. Rd4 Kh7 30. Ne2 Qe6 31. Rd6 Qa2 32. Nc3 Qa1+ 33. Qd1
Qxd1+ 34. Nxd1 f6 35. Rd4 Kg6 36. b4 axb4 37. axb4 Re5 38. Nc3 Kf7 39. Kf1 f5
40. Ke2 g5 41. Rd6 Re6 42. Rxe6 Kxe6 43. g3 Ke5 44. Kf1 Bd7 45. Kg2 Be6 46. Kh2
Bc4 47. Kg2 h5 48. Kg1 h4 49. gxh4 gxh4 50. Kg2 f4 51. Kg1 f3 52. Nd1 Be6 53.
Nc3 Bf5 54. Kh2 Bd7 55. Kg1 Bxh3 56. Kh2 Bf1 57. Kg1 h3 58. Kh2 1/2-1/2

[Event "XVI C.to Italiano U20"]
[Site "Bratto - Castione della Presolana ITA"]
[Date "2008.08.30"]
[Round "9"]
[White "Valsecchi, Alessio"]
[Black "Rombaldoni, Axel"]
[Result "1-0"]
[WhiteElo "2298"]
[BlackElo "2374"]
[PlyCount "81"]
[EventDate "2008.08.22"]

1. e4 c5 2. Nf3 e6 3. d4 cxd4 4. Nxd4 Nf6 5. Nc3 d6 6. Be2 a6 7. O-O Be7 8. f4
Qc7 9. Kh1 Nbd7 10. a4 b6 11. Bf3 Bb7 12. e5 dxe5 13. fxe5 Nxe5 14. Bf4 Nfd7
15. Re1 O-O-O 16. Qe2 Bf6 17. a5 Nxf3 18. Bxc7 Nxd4 19. Qf2 Kxc7 20. Ne4 b5 21.
Rad1 Bxe4 22. Rxe4 Nc6 23. Ree1 Rb8 24. Qg3+ Nde5 25. b3 h5 26. Qf2 h4 27. Rxe5
Nxe5 28. Qc5+ Kb7 29. Rd6 Bd8 30. Qxe5 Bc7 31. Rd7 Rbc8 32. Qd6 Kb8 33. Qxa6
Rh5 34. Rxf7 Rd8 35. Rf1 h3 36. gxh3 Rxh3 37. Qxb5+ Kc8 38. a6 Rxh2+ 39. Kg1
Rxc2 40. Qb7+ Kd7 41. Rd1+ 1-0

[Event "XVI C.to Italiano U20"]
[Site "Bratto - Castione della Presolana ITA"]
[Date "2008.08.30"]
[Round "9"]
[White "Xia, Jie"]
[Black "Rombaldoni, Brian"]
[Result "1-0"]
[WhiteElo "2181"]
[BlackElo "1797"]
[PlyCount "143"]
[EventDate "2008.08.22"]

1. e4 c6 2. d4 d5 3. Nc3 dxe4 4. Bc4 Bf5 5. f3 exf3 6. Nxf3 Nf6 7. O-O e6 8.
Ne5 Bxc2 9. Nxf7 Kxf7 10. Qg4 Qd7 11. Bg5 b5 12. Rac1 Bg6 13. Bb3 Bb4 14. Rce1
Re8 15. Rxe6 Rxe6 16. Bxf6 gxf6 17. Re1 f5 18. Qf4 Bxc3 19. Bxe6+ Qxe6 20. Rxe6
Kxe6 21. Qe5+ Kd7 22. Qg7+ Kc8 23. Qf8+ Kb7 24. Qe7+ Kb6 25. Qd8+ Kb7 26. bxc3
Na6 27. Qa5 Nc7 28. a4 Re8 29. Qb4 Nd5 30. Qc5 bxa4 31. c4 Nb6 32. Qb4 Kc7 33.
c5 Nd5 34. Qxa4 Kb7 35. Qb3+ Ka8 36. Qg3 Kb7 37. h4 Re4 38. Kh2 f4 39. Qg5 Rxd4
40. h5 Bf7 41. Qg7 Re4 42. Qxf7+ Re7 43. Qf5 Rc7 44. Qb1+ Ka6 45. Qb3 Ka5 46.
h6 Re7 47. Qb2 Ka4 48. Qd4+ Kb5 49. Kh3 Rc7 50. Kg4 a5 51. Kf5 a4 52. Ke6 Ra7
53. Kd6 a3 54. Qd3+ Kb4 55. Qb1+ Kc4 56. Qa2+ Kb5 57. Qe2+ Kb4 58. Qd2+ Kb3 59.
Kxc6 Nb4+ 60. Kb6 Re7 61. Qd1+ Kc3 62. Qa1+ Kb3 63. c6 Re6 64. Kb5 a2 65. Qd1+
Kb2 66. Qd4+ Kb1 67. Qxb4+ Kc1 68. Qc3+ Kb1 69. Qb3+ Ka1 70. Qxe6 Kb2 71. Qe5+
Kb1 72. c7 1-0

[Event "XVI C.to Italiano U20"]
[Site "Bratto - Castione della Presolana ITA"]
[Date "2008.08.30"]
[Round "9"]
[White "Zanchetta, Nicola"]
[Black "Ghedin, Emanuele"]
[Result "0-1"]
[WhiteElo "1777"]
[BlackElo "1824"]
[PlyCount "106"]
[EventDate "2008.08.22"]

1. d4 Nf6 2. c4 e6 3. Nf3 Bb4+ 4. Nbd2 d5 5. e3 O-O 6. a3 Be7 7. c5 c6 8. Ne5
Nbd7 9. f4 Nxe5 10. fxe5 Nd7 11. Bd3 f6 12. Qh5 f5 13. O-O Qe8 14. Qxe8 Rxe8
15. b4 b6 16. cxb6 axb6 17. Bb2 Ba6 18. Bxf5 exf5 19. Rxf5 c5 20. Bc3 Bd3 21.
Rf4 cxb4 22. axb4 Rxa1+ 23. Bxa1 Bxb4 24. Nf3 Rc8 25. Ng5 Rc1+ 26. Kf2 Rxa1 27.
e4 Rf1+ 28. Kg3 Rxf4 29. Kxf4 Bxe4 30. Nxe4 dxe4 31. Kxe4 Kf7 32. g4 Bc3 33.
Kd5 Ke7 34. h3 Bxd4 35. Kxd4 Ke6 36. Ke4 Nxe5 37. Kd4 Kf6 38. Kd5 Nxg4 39. hxg4
Kg5 40. Kc6 Kxg4 41. Kxb6 h5 42. Kc5 h4 43. Kd4 Kf3 44. Ke5 h3 45. Kf5 h2 46.
Kg6 h1=Q 47. Kxg7 Qh5 48. Kf6 Kf4 49. Kg7 Qf5 50. Kg8 Qd7 51. Kf8 Kg5 52. Kg8
Kg6 53. Kh8 Qg7# 0-1

[Event "XXVIII Festival Conca della Presolana 1N"]
[Site "Bratto - Castione della Presolana ITA"]
[Date "2008.08.23"]
[Round "1"]
[White "Bettini, Massimo"]
[Black "Barrera, Pietro"]
[Result "1/2-1/2"]
[WhiteElo "1814"]
[BlackElo "1881"]
[PlyCount "125"]
[EventDate "2008.08.23"]

1. e4 c5 2. Nf3 Nc6 3. d4 cxd4 4. Nxd4 g6 5. Be3 Bg7 6. Bc4 Nf6 7. Nc3 O-O 8.
f3 d6 9. Qd2 Bd7 10. O-O-O Rc8 11. Bb3 Re8 12. h4 h5 13. g4 Ne5 14. gxh5 Nxh5
15. Bh6 Qa5 16. Bxg7 Kxg7 17. Rhg1 Nc4 18. Bxc4 Rxc4 19. Rg5 Rc5 20. Nb3 Rxg5
21. Nxa5 Rxa5 22. Qd4+ Kh7 23. f4 Nxf4 24. Qf2 e5 25. Rxd6 Be6 26. Kb1 Rc8 27.
Nd5 Nxd5 28. exd5 Rxd5 29. Rxd5 Bxd5 30. Qxa7 Be4 31. Qe3 f5 32. a4 Rxc2 33.
Ka2 Rc4 34. Qg5 Rxa4+ 35. Kb3 Ra6 36. Qe7+ Kh6 37. Qg5+ Kh7 38. Qe7+ Kh6 39.
Qxe5 Rb6+ 40. Kc4 Rc6+ 41. Kd4 Kh7 42. Ke3 Rc2 43. Kf4 Rg2 44. Qe7+ Kg8 45. Ke5
Rxb2 46. Kf6 Rb6+ 47. Kg5 Ra6 48. Kh6 g5+ 49. Kxg5 Rc6 50. h5 Rc2 51. Qe8+ Kh7
52. Qf7+ Kh8 53. h6 Rg2+ 54. Kf6 Rg4 55. Ke7 Rg8 56. Qf6+ Kh7 57. Qf7+ Kh8 58.
Ke6 Rg2 59. Kf6 Rg4 60. Ke7 Rg8 61. Qf6+ Kh7 62. Qh4 Rg6 63. Qh5 1/2-1/2

[Event "XXVIII Festival Conca della Presolana 1N"]
[Site "Bratto - Castione della Presolana ITA"]
[Date "2008.08.23"]
[Round "1"]
[White "Biava, Pierluigi"]
[Black "Carbone, Lorenzo"]
[Result "0-1"]
[WhiteElo "1872"]
[BlackElo "1767"]
[PlyCount "96"]
[EventDate "2008.08.23"]

1. c4 c5 2. g3 Nc6 3. Bg2 e6 4. Nc3 Nf6 5. d3 Be7 6. e4 O-O 7. Nge2 d6 8. O-O
Rb8 9. Bd2 a6 10. a3 b5 11. cxb5 axb5 12. Na2 Ba6 13. Qc2 Ne5 14. f4 Ng6 15. h3
Qb6 16. Kh2 Rfc8 17. Rf3 b4 18. axb4 cxb4 19. Qd1 b3 20. Nb4 Bb5 21. Bc3 Ra8
22. Nd4 Bd7 23. Rxa8 Rxa8 24. Qxb3 Ra1 25. Rf1 Rxf1 26. Bxf1 Qc5 27. Bg2 Qh5
28. Nbc6 Bf8 29. Nd8 Ng4+ 30. Kg1 Ne3 31. Nf3 Nxg2 32. Kxg2 Qc5 33. Ng5 Nh8 34.
Ngxe6 Qe3 35. Bd4 Qe2+ 36. Bf2 fxe6 37. Nxe6 Bxe6 38. Qxe6+ Nf7 39. Qb3 g6 40.
g4 h6 41. Qe6 Kg7 42. f5 Ne5 43. Kg1 Qxd3 44. f6+ Kh7 45. Qe8 Kg8 46. Qe6+ Kh7
47. Qe8 Qxh3 48. Bd4 Qxg4+ 0-1

[Event "XXVIII Festival Conca della Presolana 1N"]
[Site "Bratto - Castione della Presolana ITA"]
[Date "2008.08.23"]
[Round "1"]
[White "Cambieri, Mario"]
[Black "Autino, Massimiliano"]
[Result "1-0"]
[WhiteElo "1879"]
[BlackElo "1809"]
[PlyCount "79"]
[EventDate "2008.08.23"]

1. c4 e6 2. g3 d5 3. cxd5 exd5 4. d4 Nf6 5. Bg2 c6 6. Nf3 Be7 7. O-O O-O 8. Nc3
Nbd7 9. Bd2 Re8 10. Rc1 Nf8 11. a3 h6 12. Qc2 Be6 13. b4 a5 14. Na4 Ne4 15. Nc5
Nxd2 16. Qxd2 axb4 17. axb4 Qb6 18. Ne5 Bd6 19. f4 f6 20. Ned3 Bf5 21. Nf2 Ra3
22. g4 Bh7 23. f5 Qb5 24. e4 b6 25. Ncd3 dxe4 26. Bxe4 Rxe4 27. Nxe4 Rxd3 28.
Qa2+ Qd5 29. Qxd5+ cxd5 30. Nxd6 Rxd4 31. h3 Rxb4 32. Rfe1 Rb3 33. Rc8 g6 34.
Ree8 Rb1+ 35. Kf2 Rb2+ 36. Ke3 d4+ 37. Kd3 gxf5 38. Rxf8+ Kg7 39. Rf7+ Kg6 40.
gxf5+ 1-0

[Event "XXVIII Festival Conca della Presolana 1N"]
[Site "Bratto - Castione della Presolana ITA"]
[Date "2008.08.23"]
[Round "1"]
[White "Cavaliere, Simone"]
[Black "Acunzo, Domenico"]
[Result "0-1"]
[WhiteElo "1876"]
[BlackElo "1787"]
[PlyCount "66"]
[EventDate "2008.08.23"]

1. e4 e6 2. d4 d5 3. Nc3 Bb4 4. e5 c5 5. a3 Bxc3+ 6. bxc3 Ne7 7. Qg4 O-O 8. h4
f5 9. Qg3 Nbc6 10. Ne2 Qa5 11. Bh6 Rf7 12. Bd2 Qa4 13. h5 Qxc2 14. Nf4 cxd4 15.
Bd3 Qa4 16. Ng6 dxc3 17. Bxc3 Qg4 18. Qh2 Nxg6 19. hxg6 Qxg6 20. Be2 Re7 21.
Bh5 Qg5 22. Bd2 f4 23. Bxf4 Qf5 24. Qh4 Bd7 25. Rc1 Qe4+ 26. Kf1 Rf8 27. g3 g6
28. Bd1 Ref7 29. Bc2 Qc4+ 30. Kg2 Nxe5 31. Bb1 Qe2 32. Rce1 Qf3+ 33. Kg1 Ng4
0-1

[Event "XXVIII Festival Conca della Presolana 1N"]
[Site "Bratto - Castione della Presolana ITA"]
[Date "2008.08.23"]
[Round "1"]
[White "Crimi, Alessandro"]
[Black "Crippa, Mario"]
[Result "1-0"]
[WhiteElo "1904"]
[BlackElo "1833"]
[PlyCount "44"]
[EventDate "2008.08.23"]

1. d4 Nf6 2. c4 g6 3. Nc3 Bg7 4. e4 d6 5. f4 O-O 6. Nf3 Bg4 7. Be2 Nbd7 8. O-O
c5 9. d5 Nb6 10. Nd2 h5 11. a4 a5 12. Ra3 Nbd7 13. Nb5 Nb8 14. Bxg4 Nxg4 15.
Nf3 Na6 16. h3 Nh6 17. f5 Qd7 18. Ng5 Nb4 19. Raf3 gxf5 20. exf5 Be5 21. Ne4
Kg7 22. f6+ Kg6 1-0

[Event "XXVIII Festival Conca della Presolana 1N"]
[Site "Bratto - Castione della Presolana ITA"]
[Date "2008.08.23"]
[Round "1"]
[White "De Bortoli, Thomas"]
[Black "Fasiello, Andrea"]
[Result "1-0"]
[WhiteElo "1805"]
[BlackElo "1879"]
[PlyCount "65"]
[EventDate "2008.08.23"]

1. e4 e5 2. f4 d6 3. Nf3 Nc6 4. Bc4 Be7 5. O-O Nf6 6. d3 O-O 7. a4 Bd7 8. c3
Qc8 9. f5 a6 10. h3 Na7 11. g4 b5 12. axb5 axb5 13. Bb3 Nc6 14. Rxa8 Qxa8 15.
Bg5 Na5 16. Bc2 Re8 17. Bxf6 Bxf6 18. g5 Be7 19. b4 Nc6 20. Bb3 Rd8 21. Kh2 Be8
22. Rg1 g6 23. Nh4 Kh8 24. f6 Bf8 25. Ng2 h6 26. gxh6 Bxh6 27. Qg4 Kh7 28. Nh4
Qc8 29. Qg2 Bf4+ 30. Kh1 Bd7 31. Nf5 Rg8 32. Qg4 Qd8 33. Qh4+ 1-0

[Event "XXVIII Festival Conca della Presolana 1N"]
[Site "Bratto - Castione della Presolana ITA"]
[Date "2008.08.23"]
[Round "1"]
[White "Favoni, Matteo"]
[Black "Villalba, Fernando"]
[Result "1-0"]
[WhiteElo "1941"]
[BlackElo "1847"]
[PlyCount "87"]
[EventDate "2008.08.23"]

1. d4 Nf6 2. c4 e6 3. Nf3 Bb4+ 4. Bd2 Bxd2+ 5. Qxd2 O-O 6. Nc3 d5 7. e3 c6 8.
Bd3 Nbd7 9. O-O Re8 10. Rfd1 Nb6 11. b3 Nbd7 12. Rac1 g6 13. e4 dxe4 14. Nxe4
Nxe4 15. Bxe4 Nf6 16. Bb1 Kg7 17. Ne5 Nd7 18. Qf4 Qf6 19. Qe4 Qe7 20. Rc3 Nxe5
21. dxe5 b6 22. Rcd3 Bb7 23. Qf4 f5 24. exf6+ Qxf6 25. Rd7+ Re7 26. Qc7 Rae8
27. Qxb7 Kf8 28. Qxc6 Qb2 29. Qf3+ Kg7 30. R7d2 Qe5 31. Be4 Rf7 32. Qe3 Ref8
33. Bf3 Qf5 34. Rd7 e5 35. Rxf7+ Rxf7 36. b4 Re7 37. Qe4 Qg5 38. h3 Rf7 39. c5
bxc5 40. bxc5 Rf4 41. Rd7+ Rf7 42. Rxf7+ Kxf7 43. Qc4+ Ke7 44. c6 1-0